[Event "Santa Cruz de Tenerife op"]
[Site "Santa Cruz de Tenerife"]
[Date "2016.08.23"]
[Round "7"]
[White "Perez Perez, Gabriel"]
[Black "Rodriguez Sabater, Lucia Iris"]
[Result "1/2-1/2"]
[WhiteElo "1862"]
[BlackElo "1478"]
[PlyCount "116"]
[EventDate "2016.08.08"]
[EventType "swiss"]
[EventRounds "9"]
[EventCountry "ESP"]
[SourceTitle "CBM 174 Extra"]
[Source "ChessBase"]
[SourceDate "2016.10.10"]
[SourceVersion "1"]
[SourceVersionDate "2016.10.10"]
[SourceQuality "1"]

1. d4 g6 2. c4 Bg7 3. Nc3 Nf6 4. e4 d6 5. h3 0-0 6. Be3 e5 7. d5 Nbd7 8. Nf3 Ne8 9. g4 Ndf6 10. Be2 Qe7 11. Qd2 Kh8 12. Bh6 Ng8 13. Bxg7+ Kxg7 14. 0-0-0 a6 15. Rdg1 Nef6 16. Ne1 Nd7 17. h4 a5 18. h5 g5 19. Ng2 Nc5 20. Ne3 h6 21. Nf5+ Bxf5 22. gxf5 f6 23. b3 Qd7 24. Bd1 Ra6 25. Bc2 Rfa8 26. Kb2 Rb6 27. Ra1 a4 28. Rhb1 a3+ 29. Kc1 Qe8 30. Bd1 Ne7 31. b4 Nd7 32. Nb5 Qc8 33. Qc3 Rba6 34. Rb3 c5 35. Rxa3 Rxa3 36. Nxa3 Nb6 37. b5 Qb8 38. Nb1 Na4 39. Qd3 Nc8 40. Nc3 Nxc3 41. Qxc3 b6 42. Kb2 Ra5 43. Rc1 Qa7 44. Qb3 Qa8 45. Rc3 Qa7 46. Bc2 Qb8 47. Bb1 Qa7 48. Qc2 Qa8 49. Qd3 Qa7 50. Ra3 Rxa3 51. Qxa3 Qxa3+ 52. Kxa3 Kf7 53. Kb3 Ke7 54. a4 Kd7 55. a5 Kc7 56. a6 Na7 57. Bc2 Kd7 58. Bd1 Ke7 1/2-1/2

[Event "Canarias-ch (Women)"]
[Site "Vecindario"]
[Date "2016.05.28"]
[Round "2.1"]
[White "Sosa Suarez, Carla Cristina"]
[Black "Rodriguez Sabater, Lucia Iris"]
[Result "1/2-1/2"]
[WhiteElo "1667"]
[BlackElo "1496"]
[PlyCount "84"]
[EventDate "2016.05.27"]
[EventType "swiss"]
[EventRounds "6"]
[EventCountry "ESP"]
[SourceTitle "EXT 2024"]
[Source "ChessBase"]
[SourceDate "2023.10.10"]
[SourceVersion "1"]
[SourceVersionDate "2023.10.10"]
[SourceQuality "1"]

1. d4 Nf6 2. c4 g6 3. Nc3 Bg7 4. e4 d6 5. f4 e6 6. Nf3 Na6 7. Be2 0-0 8. 0-0 c5 9. d5 Ne8 10. Be3 f5 11. e5 Nac7 12. Qd2 b6 13. Rad1 Qe7 14. dxe6 dxe5 15. Nxe5 Qxe6 16. Bf3 Rb8 17. Nc6 Ra8 18. Nd8 Qxc4 19. Bxa8 Nxa8 20. Qd5+ Qxd5 21. Nxd5 Ba6 22. Rfe1 Nac7 23. Nxc7 Nxc7 24. Rd7 Bxb2 25. Red1 Nb5 26. Nc6 Nc3 27. R1d2 Bc1 28. Rxa7 Bxd2 29. Bxd2 Ne2+ 30. Kf2 Bc4 31. Ne5 Bb5 32. a4 Rd8 33. Ke1 Rd4 34. axb5 Nxf4 35. Bxf4 Rxf4 36. Nd7 Rb4 37. Rb7 Rxb5 38. Rxb6 Rxb6 39. Nxb6 Kf7 40. Ke2 g5 41. Kf3 h5 42. h3 Ke6 1/2-1/2

[Event "Tenerife-chT Primera 1516"]
[Site "Tenerife"]
[Date "2016.02.20"]
[Round "7.2"]
[White "Cordero Alamo, Ramon"]
[Black "Rodriguez Sabater, Lucia Iris"]
[Result "0-1"]
[WhiteElo "1416"]
[BlackElo "1544"]
[PlyCount "52"]
[EventDate "2015.12.12"]
[EventType "team-tourn"]
[EventRounds "14"]
[EventCountry "ESP"]
[SourceTitle "EXT 2017"]
[Source "ChessBase"]
[SourceDate "2016.10.25"]
[SourceVersion "1"]
[SourceVersionDate "2016.10.25"]
[SourceQuality "1"]
[WhiteTeam "Laguna Cotelec II"]
[BlackTeam "El Sauzal II"]
[WhiteTeamCountry "ESP"]
[BlackTeamCountry "ESP"]

1. d4 d5 2. c4 c6 3. Nf3 e6 4. Nc3 dxc4 5. e3 b5 6. a3 Bb7 7. g3 Nf6 8. Bg2 a6 9. 0-0 Qc7 10. Ne5 Be7 11. Re1 0-0 12. Bd2 Rd8 13. Ng4 Nbd7 14. Rc1 Nxg4 15. Qxg4 Nf6 16. Qe2 Rd7 17. Ne4 Rb8 18. Bc3 Nd5 19. Bd2 a5 20. Qh5 Nf6 21. Nxf6+ Bxf6 22. Be4 g6 23. Qf3 Bg7 24. h4 b4 25. Bb1 c5 26. Qe2 Rbd8 0-1

[Event "Santa Cruz de Tenerife op 26th"]
[Site "Santa Cruz de Tenerife"]
[Date "2015.12.21"]
[Round "5"]
[White "Rodriguez Sabater, Lucia Iris"]
[Black "Alvarez Alonso, Alberto"]
[Result "0-1"]
[WhiteElo "1544"]
[BlackElo "1955"]
[PlyCount "52"]
[EventDate "2015.12.15"]
[EventType "swiss"]
[EventRounds "9"]
[EventCountry "ESP"]
[SourceTitle "CBM 170 Extra"]
[Source "ChessBase"]
[SourceDate "2016.02.25"]
[SourceVersion "1"]
[SourceVersionDate "2016.02.25"]
[SourceQuality "1"]

1. e4 e6 2. d4 d5 3. exd5 exd5 4. Nc3 Nf6 5. Bd3 Be7 6. Nge2 0-0 7. 0-0 b6 8. Re1 c5 9. b3 Nc6 10. Be3 Bb7 11. Qd2 Re8 12. Na4 Ng4 13. Rf1 g6 14. Rad1 Nxe3 15. fxe3 Bg5 16. Nf4 cxd4 17. exd4 Nxd4 18. Qf2 Qf6 19. g3 Ne6 20. Nxe6 Qxe6 21. Qf3 Be3+ 22. Rf2 Bc6 23. Nc3 d4 24. Qe2 dxc3 25. Bc4 Qe4 26. Bxf7+ Kh8 0-1

[Event "Tenerife Autumn op"]
[Site "Tenerife"]
[Date "2015.10.30"]
[Round "9"]
[White "Rodriguez Sabater, Lucia Iris"]
[Black "Guillermo Gonzalez, Alvaro"]
[Result "1/2-1/2"]
[WhiteElo "1504"]
[BlackElo "1398"]
[PlyCount "41"]
[EventDate "2015.10.14"]
[EventType "swiss"]
[EventRounds "9"]
[EventCountry "ESP"]
[SourceTitle "CBM 169 Extra"]
[Source "ChessBase"]
[SourceDate "2015.12.18"]
[SourceVersion "1"]
[SourceVersionDate "2015.12.18"]
[SourceQuality "1"]

1. e4 c5 2. Nf3 d6 3. d4 cxd4 4. Nxd4 Nf6 5. Nc3 a6 6. Be3 e5 7. Nf3 Be7 8. Bc4 0-0 9. Bb3 Nc6 10. 0-0 b5 11. a3 Bb7 12. Re1 Na5 13. Bd5 Bxd5 14. Nxd5 Nxd5 15. Qxd5 Nc4 16. Bc1 Qc7 17. c3 Nb6 18. Qd1 Nc4 19. b3 Nb6 20. Bb2 Rfd8 21. Qc2 1/2-1/2

[Event "Santa Cruz Promocion CajaCanarias 8th"]
[Site "Santa Cruz de Tenerife"]
[Date "2015.06.30"]
[Round "2.3"]
[White "Brito Rodriguez, Cristian"]
[Black "Rodriguez Sabater, Lucia Iris"]
[Result "1-0"]
[WhiteElo "1390"]
[BlackElo "1548"]
[PlyCount "83"]
[EventDate "2015.06.29"]
[EventType "swiss"]
[EventRounds "9"]
[EventCountry "ESP"]
[SourceTitle "EXT 2024"]
[Source "ChessBase"]
[SourceDate "2023.10.10"]
[SourceVersion "1"]
[SourceVersionDate "2023.10.10"]
[SourceQuality "1"]

1. c4 e5 2. Nc3 Nc6 3. Nf3 Nf6 4. d3 Bc5 5. g3 0-0 6. Bg2 Re8 7. 0-0 a6 8. a3 d6 9. Bg5 h6 10. Bxf6 Qxf6 11. Nd5 Qd8 12. b4 Ba7 13. e3 e4 14. dxe4 Rxe4 15. Nd2 Re8 16. Qb3 Be6 17. a4 Rb8 18. Nb1 Ne5 19. Na3 c6 20. Nf4 Bg4 21. h3 Bf3 22. Ra2 Bxg2 23. Kxg2 Qg5 24. Rd2 Rbd8 25. Rfd1 Bb8 26. Nb1 Qf5 27. Nc3 g5 28. Nd3 Qf3+ 29. Kg1 h5 30. Ne1 Qf5 31. Kg2 Re6 32. e4 Qf6 33. Ne2 Ba7 34. Nd4 Re7 35. Nf5 Red7 36. Qc3 Bb8 37. Nf3 g4 38. Nxe5 Rc7 39. Rxd6 Rxd6 40. Rxd6 gxh3+ 41. Kxh3 Qh8 42. Rd8+ 1-0

[Event "Tenerife-chT Segunda"]
[Site "Tenerife"]
[Date "2015.05.23"]
[Round "13.2"]
[White "Padron Perez, Cayetano"]
[Black "Rodriguez Sabater, Lucia Iris"]
[Result "0-1"]
[WhiteElo "1549"]
[BlackElo "1361"]
[PlyCount "96"]
[EventDate "2015.01.24"]
[EventType "swiss"]
[EventRounds "13"]
[EventCountry "ESP"]
[SourceTitle "EXT 2024"]
[Source "ChessBase"]
[SourceDate "2023.10.10"]
[SourceVersion "1"]
[SourceVersionDate "2023.10.10"]
[SourceQuality "1"]
[WhiteTeam "Benito"]
[BlackTeam "El Sauzal Libreria Barco III"]
[WhiteTeamCountry "ESP"]
[BlackTeamCountry "ESP"]

1. d4 d5 2. c4 e6 3. Nc3 c6 4. cxd5 exd5 5. Nf3 Nf6 6. Bg5 Be7 7. e3 Qb6 8. a3 h6 9. Bxf6 Bxf6 10. Bd3 Be6 11. 0-0 Nd7 12. b4 0-0 13. Rb1 a5 14. b5 cxb5 15. Bxb5 Qc7 16. Qc1 Rac8 17. Rb3 Nb6 18. a4 Qd6 19. Qb2 Bd8 20. Qa3 Qxa3 21. Rxa3 Bf5 22. Rc1 Be7 23. Raa1 Bb4 24. Ne2 Bc2 25. h3 Bb3 26. Rxc8 Rxc8 27. Ne5 Rc2 28. Nf4 g5 29. Nfd3 Bc3 30. Ra3 Bc4 31. Nxc4 dxc4 32. Ne5 Bb4 33. Ra1 c3 34. Nd3 Rd2 35. e4 c2 36. Nc1 Rd1+ 37. Kh2 Bd2 38. Bd3 Bxc1 39. Bxc2 Bf4+ 40. g3 Rxa1 41. gxf4 gxf4 42. d5 Ra2 43. Bb3 Rxf2+ 44. Kg1 Re2 45. d6 Rxe4 46. Bd5 Rd4 47. Bxb7 Rxd6 48. Bf3 Nxa4 0-1

[Event "Tenerife-ch"]
[Site "Tenerife"]
[Date "2015.04.13"]
[Round "1"]
[White "Hernandez Leon, Alberto"]
[Black "Rodriguez Sabater, Lucia Iris"]
[Result "1-0"]
[WhiteElo "2294"]
[BlackElo "1510"]
[PlyCount "63"]
[EventDate "2015.04.13"]
[EventType "swiss"]
[EventRounds "9"]
[EventCountry "ESP"]
[SourceTitle "CBM 166 Extra"]
[Source "ChessBase"]
[SourceDate "2015.06.18"]
[SourceVersion "1"]
[SourceVersionDate "2015.06.18"]
[SourceQuality "1"]

1. d4 d5 2. c4 e5 3. dxe5 d4 4. Nf3 Nc6 5. a3 a5 6. g3 Bc5 7. Bg2 Nge7 8. 0-0 h6 9. Nbd2 Be6 10. b3 Bf5 11. Nh4 Bh7 12. Ne4 Ba7 13. f4 d3+ 14. e3 Nd4 15. Ra2 Nc2 16. Rxc2 dxc2 17. Qxc2 Qc8 18. f5 Kf8 19. f6 gxf6 20. Rxf6 Ng8 21. Rf1 Qe6 22. Qf2 Rd8 23. Bh3 Qe7 24. Bf5 Bxf5 25. Nxf5 Qe8 26. a4 Rh7 27. Ba3+ c5 28. Nxc5 Bxc5 29. Bxc5+ Ne7 30. Bxe7+ Kg8 31. Bxd8 Qxd8 32. Nd6 1-0

[Event "Tenerife-ch U17"]
[Site "Santa Cruz"]
[Date "2015.03.09"]
[Round "5.6"]
[White "Rodriguez Sabater, Lucia Iris"]
[Black "Reyes Garcia, Kilian Manuel"]
[Result "1-0"]
[WhiteElo "1485"]
[BlackElo "1271"]
[PlyCount "59"]
[EventDate "2015.02.27"]
[EventType "swiss"]
[EventRounds "7"]
[EventCountry "ESP"]
[SourceTitle "EXT 2024"]
[Source "ChessBase"]
[SourceDate "2023.10.10"]
[SourceVersion "1"]
[SourceVersionDate "2023.10.10"]
[SourceQuality "1"]

1. e4 c5 2. Nc3 d6 3. Nf3 a6 4. a4 Nf6 5. Bc4 Nc6 6. d4 cxd4 7. Nxd4 g6 8. 0-0 Bg7 9. Re1 0-0 10. Nxc6 bxc6 11. Qf3 Ng4 12. Bb3 Ne5 13. Qg3 e6 14. Bf4 Qe7 15. Rad1 Bb7 16. a5 Rfd8 17. Na4 Qf6 18. Bg5 d5 19. Bxf6 Bxf6 20. exd5 cxd5 21. Rxe5 Bxe5 22. Qxe5 Rac8 23. Qf6 d4 24. Rxd4 Bd5 25. Nb6 Rb8 26. Nxd5 Rxb3 27. Qxd8+ Kg7 28. Qf6+ Kg8 29. Ne7+ Kf8 30. Rd8# 1-0

[Event "Santa Cruz de Tenerife op 25th"]
[Site "Santa Cruz de Tenerife"]
[Date "2014.12.22"]
[Round "6"]
[White "Chrz, Martin"]
[Black "Rodriguez Sabater, Lucia Iris"]
[Result "0-1"]
[WhiteElo "1708"]
[BlackElo "1361"]
[PlyCount "36"]
[EventDate "2014.12.15"]
[EventType "swiss"]
[EventRounds "9"]
[EventCountry "ESP"]
[SourceTitle "CBM 164 Extra"]
[Source "ChessBase"]
[SourceDate "2015.03.02"]
[SourceVersion "1"]
[SourceVersionDate "2015.03.02"]
[SourceQuality "1"]

1. d4 d5 2. c4 e5 3. dxe5 d4 4. Nf3 c5 5. g3 Nc6 6. Bg2 Nge7 7. Bf4 Ng6 8. Qd2 Be6 9. Na3 Qb6 10. b3 Rd8 11. 0-0 Be7 12. h4 h5 13. Rfd1 Bf5 14. Kh2 d3 15. Bh3 dxe2 16. Qxe2 Bg4 17. Rxd8+ Bxd8 18. Re1 Nd4 0-1

[Event "Santa Cruz de Tenerife op 25th"]
[Site "Santa Cruz de Tenerife"]
[Date "2014.12.19"]
[Round "5"]
[White "Rodriguez Sabater, Lucia Iris"]
[Black "Calvo Nobrega, Joaquin Manuel"]
[Result "1/2-1/2"]
[WhiteElo "1361"]
[BlackElo "1749"]
[PlyCount "100"]
[EventDate "2014.12.15"]
[EventType "swiss"]
[EventRounds "9"]
[EventCountry "ESP"]
[SourceTitle "CBM 164 Extra"]
[Source "ChessBase"]
[SourceDate "2015.03.02"]
[SourceVersion "1"]
[SourceVersionDate "2015.03.02"]
[SourceQuality "1"]

1. e4 e6 2. d4 d5 3. exd5 exd5 4. Nc3 Be6 5. Nf3 f6 6. Bf4 Bb4 7. Bd3 Nc6 8. 0-0 Qd7 9. Re1 0-0-0 10. a3 Bd6 11. Bxd6 Qxd6 12. Nb5 Qd7 13. Nh4 Kb8 14. Bf1 Nge7 15. a4 g5 16. Nf3 Nf5 17. a5 a6 18. Nc3 g4 19. Nd2 Ncxd4 20. Nb3 Nxb3 21. cxb3 h5 22. Na4 Qd6 23. b4 Bd7 24. Nc5 Rhe8 25. Qc2 Nd4 26. Qc3 Rxe1 27. Rxe1 Nb5 28. Nxd7+ Rxd7 29. Bxb5 axb5 30. Re8+ Rd8 31. Re1 d4 32. Qd2 c5 33. bxc5 Qxc5 34. Qf4+ Kc8 35. Rc1 Qc4 36. b3 Qc3 37. g3 b4 38. a6 bxa6 39. Rxc3+ bxc3 40. Qf5+ Kb7 41. Qe4+ Kc7 42. Qe7+ Rd7 43. Qc5+ Kb7 44. Qb4+ Kc6 45. Qa4+ Kc7 46. Qc4+ Kd8 47. Qg8+ Kc7 48. Qc4+ Kd8 49. Qd3 Kc7 50. Qc4+ Kd8 1/2-1/2

[Event "Santa Cruz de Tenerife op 25th"]
[Site "Santa Cruz de Tenerife"]
[Date "2014.12.17"]
[Round "3"]
[White "Brito Rodriguez, Cristian"]
[Black "Rodriguez Sabater, Lucia Iris"]
[Result "0-1"]
[WhiteElo "1449"]
[BlackElo "1361"]
[PlyCount "118"]
[EventDate "2014.12.15"]
[EventType "swiss"]
[EventRounds "9"]
[EventCountry "ESP"]
[SourceTitle "CBM 164 Extra"]
[Source "ChessBase"]
[SourceDate "2015.03.02"]
[SourceVersion "1"]
[SourceVersionDate "2015.03.02"]
[SourceQuality "1"]

1. d4 d5 2. c4 e5 3. e3 Nc6 4. cxd5 Qxd5 5. Nc3 Qd8 6. Nf3 f6 7. Bc4 Nge7 8. Qb3 Qd7 9. Nb5 Na5 10. Be6 Nxb3 11. Bxd7+ Bxd7 12. Nxc7+ Kd8 13. Nxa8 Nxa1 14. 0-0 Nc2 15. dxe5 Kc8 16. exf6 gxf6 17. Rd1 Rg8 18. h3 Bxh3 19. Nh4 Nf5 20. Kh2 Bg4 21. Nf3 Nh4 22. Rd2 Bxf3 23. Rxc2+ Bc6 24. g3 Nf3+ 25. Kh3 Kb8 26. a3 Bd7+ 27. Kg2 Ne1+ 28. Kh2 Nxc2 29. Nb6 axb6 30. e4 Bc5 31. Kg2 Bc6 32. Kf3 Re8 33. Bf4+ Kc8 34. Kg4 Bxe4 35. f3 f5+ 36. Kg5 Bxf3 37. Kxf5 h5 38. Kg5 Be3 39. Bxe3 Rxe3 40. Kf4 Bg4 41. b4 Rxa3 42. b5 Rf3+ 43. Kg5 Rxg3 44. Kh4 Rb3 45. Kg5 Rxb5+ 46. Kh4 Bh3 47. Kg3 Rf5 48. Kxh3 Rg5 49. Kh4 Rg8 50. Kh3 Kd7 51. Kh4 Ke6 52. Kh3 Kf5 53. Kh4 Rg4+ 54. Kh3 Rd4 55. Kg2 h4 56. Kh3 Rd2 57. Kxh4 Rg2 58. Kh3 Rg8 59. Kh4 Rg7 0-1

[Event "Canarias-ch U14"]
[Site "Costa Teguise"]
[Date "2014.04.24"]
[Round "2"]
[White "Guniaeva, Olga"]
[Black "Rodriguez Sabater, Lucia Iris"]
[Result "1-0"]
[WhiteElo "1587"]
[BlackElo "1347"]
[PlyCount "89"]
[EventDate "2014.04.24"]
[EventType "swiss"]
[EventRounds "7"]
[EventCountry "ESP"]
[SourceTitle "EXT 2016"]
[Source "ChessBase"]
[SourceDate "2015.10.08"]
[SourceVersion "1"]
[SourceVersionDate "2015.10.08"]
[SourceQuality "1"]

1. d4 d5 2. c4 e5 3. dxe5 d4 4. b3 Nc6 5. Nf3 Nge7 6. Bb2 Ng6 7. a3 Ngxe5 8. Nxe5 Nxe5 9. Qxd4 Qxd4 10. Bxd4 Nc6 11. Bb2 Be6 12. e3 0-0-0 13. b4 a6 14. Be2 Bf5 15. 0-0 Rg8 16. Rd1 Bd6 17. c5 Be5 18. Bxe5 Nxe5 19. Nc3 Bc2 20. Rd5 Nc6 21. Bd1 Rxd5 22. Nxd5 Bxd1 23. Rxd1 Rd8 24. Nc3 Rxd1+ 25. Nxd1 Kd7 26. Kf1 Ne5 27. Nb2 Kc6 28. Ke2 Kb5 29. f4 Nc4 30. Nxc4 Kxc4 31. e4 Kb3 32. e5 Kxa3 33. f5 Kxb4 34. e6 fxe6 35. fxe6 a5 36. e7 a4 37. e8Q a3 38. Qa8 b6 39. cxb6 cxb6 40. Qa7 b5 41. Qxg7 Kb3 42. Qa1 a2 43. Kd2 b4 44. Kc1 h5 45. Qb2+ 1-0